| 000 | 01640nam0a2200373 4500 | ||
|---|---|---|---|
| 001 | RU\NLR\BIBL_A\022575730 | ||
| 005 | 20260420050210.0 | ||
| 010 | _a978-5-0065-8306-1 | ||
| 021 |
_aRU _bКН-П-25-025335 _9КН-П-25-2523 |
||
| 035 | _a(NLR Aleph) 022575730 | ||
| 090 |
_a13676359 _c13676359 |
||
| 100 | _a20250627d2025 u y0rusy50 ca | ||
| 101 | 0 | _arus | |
| 102 | _aRU | ||
| 105 | _aac||z|||000yd | ||
| 181 | 0 |
_ai3 _baxxe |
|
| 182 | 0 | _an | |
| 200 | 1 |
_aЛенинградцы - призеры Олимпиад, Мира, Европы и СССР _eтяжелая атлетика _fГеоргий Зобач |
|
| 203 |
_aТекст _bвизуальный _cнепосредственный |
||
| 210 |
_a[Б. м.] _cИздательские решения _d2025 |
||
| 215 |
_a50, [4] с. _cил., портр. _d21 |
||
| 300 | _aНа 4-й с. обл. авт.: Георгий Зобач, мастер спорта СССР | ||
| 320 | _aБиблиогр.: с. 50 | ||
| 333 | _a6+ | ||
| 606 | 1 |
_aТяжелоатлеты _yЛенинград, город _92675572 _3RU\NLR\AUTH\6601759427 |
|
| 606 | 1 |
_aТяжелая атлетика _xСоревнования международные _xУчастие СССР _91881586 _3RU\NLR\AUTH\661145522 |
|
| 606 | 1 |
_aТяжелая атлетика _xСоревнования _yСССР _91881554 _3RU\NLR\AUTH\661145506 |
|
| 686 | 1 | _aЧ517.123(2-2СПб)7-8 | |
| 686 | 1 | _aЧ517.124(0)9 | |
| 700 | 1 |
_aЗобач _bГ. Г. _f1954- _gГеоргий Григорьевич |
|
| 942 | _cBOOK | ||
| 980 | _aNB | ||